Every Disney Movie 2001-2025 - Statistics

General Stats
  • This quiz has been taken 125 times
    27 since last reset
  • The average score is 79 of 298
Answer Stats
Hint Answer % Correct
2017 Coco
85%
2021 Encanto
85%
2013 Frozen
85%
2019 Frozen II
85%
2018 Incredibles 2
85%
2016 Moana
85%
2001 Monsters, Inc.
85%
2020 Onward
85%
2007 Ratatouille
85%
2004 The Incredibles
85%
2009 The Princess and the Frog
85%
2010 Toy Story 3
85%
2019 Toy Story 4
85%
2012 Brave
77%
2006 Cars
77%
2011 Cars 2
77%
2017 Cars 3
77%
2015 Inside Out
77%
2024 Inside Out 2
77%
2021** Luca
77%
2024 Moana 2
77%
2010 Tangled
77%
2009 Up
77%
2008 WALL-E
77%
2013 Monsters University
69%
2020** Soul
69%
2019 The Lion King
69%
2012 Wreck-It Ralph
69%
2017 Beauty and the Beast
62%
2025 Elio
62%
2016 Finding Dory
62%
2003 Finding Nemo
62%
2020** Mulan
62%
2018 Ralph Breaks the Internet
62%
2016 The Jungle Book
62%
2008 Tinker Bell
62%
2022** Turning Red
62%
2019 Aladdin
54%
2001 Atlantis: The Lost Empire
54%
2015 Cinderella
54%
2014 Maleficent
54%
2013 Planes
54%
2021 Raya & the Last Dragon
54%
2025 Snow White
54%
2022 Strange World
54%
2023 The Little Mermaid
54%
2011 Winnie the Pooh
54%
2023 Wish
54%
2010 Alice in Wonderland
46%
2016 Alice Through the Looking Glass
46%
2008 Bolt
46%
2004 Home on the Range
46%
2005* Mulan II
46%
2015 The Good Dinosaur
46%
2002 Treasure Planet
46%
2016 Zootopia
46%
2025 Zootopia 2
46%
2016 BFG
38%
2003 Brother Bear
38%
2005 Chicken Little
38%
2022** Chip 'n Dale: Rescue Rangers
38%
2018 Christopher Robin
38%
2002* Cinderella II: Dreams Come True
38%
2007* Cinderella III: A Twist in Time
38%
2021 Cruella
38%
2019 Dumbo
38%
2023 Elemental
38%
2003 Freaky Friday
38%
2020** Hamilton
38%
2005* Kronk’s New Groove
38%
2019** Lady and the Tramp
38%
2001* Lady and the Tramp II: Scamp's Adventure
38%
2002 | 2025 Lilo & Stitch
38%
2019 Maleficent: Mistress of Evil
38%
2018 Mary Poppins Returns
38%
2007 Meet the Robinsons
38%
2005* Tarzan II
38%
2011 The Muppets
38%
2010 Tinker Bell and the Great Fairy Rescue
38%
2008 Beverly Hills Chihuahua
31%
2011 Beverly Hills Chihuahua 2
31%
2014 Big Hero 6
31%
2006* Brother Bear 2
31%
2007 Enchanted
31%
2023 Haunted Mansion
31%
2022** Hocus Pocus 2
31%
2014 Into the Woods
31%
2005* Lilo & Stitch 2: Stitch Has a Glitch
31%
2014 Muppets Most Wanted
31%
2023** Peter Pan & Wendy
31%
2016 Pete’s Dragon
31%
2003 Piglet’s Big Movie
31%
2005 Pooh’s Heffalump Movie
31%
2002 Return to Neverland
31%
2010 Secretariat
31%
2002* Tarzan & Jane
31%
2003 The Haunted Mansion
31%
2002* The Hunchback of Notre Dame II
31%
2003 The Jungle Book 2
31%
2014 The Pirate Fairy
31%
2006 The Wild
31%
2015 Tinker Bell and the Legend of the NeverBeast
31%
2009 Tinker Bell and the Lost Treasure
31%
2015 Tomorrowland
31%
2010 Tron: Legacy
31%
2006* Air Buddies
23%
2014 Alexander and the Terrible, Horrible, No Good, Very Bad Day
23%
2006 Bambi II
23%
2014 Bears
23%
2012* Beverly Hills Chihuahua 3: Viva la Fiesta!
23%
2021** Diary of a Wimpy Kid
23%
2022** Diary of a Wimpy Kid: Rodrick Rules
23%
2022** Disenchanted
23%
2009 Earth
23%
2006 Eight Below
23%
2025 Freakier Friday
23%
2009 G-Force
23%
2009 Hannah Montana: The Movie
23%
2008 High School Musical 3: Senior Year
23%
2021 Jungle Cruise
23%
2006* Leroy & Stitch
23%
2022 Lightyear
23%
2011 Mars Needs Moms
23%
2022** Pinnochio
23%
2014 Planes: Fire & Rescue
23%
2009 Ponyo
23%
2010 Prince of Persia: Sands of Time
23%
2016 Queen of Katwe
23%
2009* Santa Buddies
23%
2012* Santa Paws 2: The Santa Pups
23%
2013 Saving Mr. Banks
23%
2012 Secret of the Wings
23%
2005 Sky High
23%
2008* Snow Buddies
23%
2011* Spooky Buddies
23%
2013* Super Buddies
23%
2006* The Fox and the Hound 2
23%
2004* The Lion King 1½
23%
2008* The Little Mermaid: Ariel's Beginning
23%
2003 The Lizzie McGuire Movie
23%
2013 The Lone Ranger
23%
2001 The Princess Diaries
23%
2004 The Princess Diaries 2: Royal Engagement
23%
2002 The Santa Clause 2
23%
2006 The Santa Clause 3: The Escape Clause
23%
2010* The Search for Santa Paws
23%
2010 The Sorcerer’s Apprentice
23%
2019** Togo
23%
2025 Tron: Ares
23%
2003* 101 Dalmatians II: Patch's London Adventure
15%
2025** Alexander and the Terrible, Horrible, No Good, Very Bad Road Trip
15%
2003* Atlantis: Milo’s Return
15%
2018 A Wrinkle in Time
15%
2022** Better Nate Than Ever
15%
2023** Chang Can Dunk
15%
2022** Cheaper by the Dozen
15%
2008 College Road Trip
15%
2004 Confessions of a Teenage Drama Queen
15%
2023** Crater
15%
2023** Dashing Through the Snow
15%
2023** Diary of a Wimpy Kid Christmas: Cabin Fever
15%
2009 Disney’s a Christmas Carol
15%
2020** Elephant
15%
2012 Frankenweenie
15%
2020** Godmothered
15%
2005 Herbie: Fully Loaded
15%
2003 Holes
15%
2022** Hollywood Stargirl
15%
2005 Howl’s Moving Castle
15%
2005 Ice Princess
15%
2012 John Carter
15%
2020** Magic Camp
15%
2004* Mickey’s Twice Upon a Christmas
15%
2015 Monkey Kingdom
15%
2024 Mufasa: A Lion King
15%
2004 National Treasure
15%
2007 National Treasure: Book of Secrets
15%
2022** Night at the Museum: Kahmunrah Rises Again
15%
2019** Noelle
15%
2009 Old Dogs
15%
2012 Oz the Great and Powerful
15%
2019 Penguins
15%
2007 Pirates of the Caribbean: At World's End
15%
2006 Pirates of the Caribbean: Dead Man's Chest
15%
2017 Pirates of the Caribbean: Dead Men Tell No Tales
15%
2011 Pirates of the Caribbean: On Stranger Tides
15%
2003 Pirates of the Caribbean: The Curse of the Black Pearl
15%
2022** Polar Bear
15%
2005* Pooh's Heffalump Halloween Movie
15%
2001 Recess: Schools Out
15%
2002 Snow Dogs
15%
2009* Space Buddies
15%
2002 Spirited Away
15%
2020** Stargirl
15%
2003* Stitch! The Movie
15%
2008 The Chronicles of Narnia: Prince Caspian
15%
2005 The Chronicles of Narnia: The Lion, the Witch and the Wardrobe
15%
2002 The Country Bears
15%
2016 The Finest Hours
15%
2007 The Game Plan
15%
2022** The Ice Age Adventures of Buck Wild
15%
2012 The Odd Life of Timothy Green
15%
2006 The Shaggy Dog
15%
2024** Tiger
15%
2019** Timmy Failure: Mistakes Were Made
15%
2012* Treasure Buddies
15%
2007 Underdog
15%
2005 Valiant
15%
2004* Winnie the Pooh: Springtime With Roo
15%
2024 Young Woman and the Sea
15%
2015 ABCD 2
8%
2011 African Cats
8%
2004 America’s Heart and Soul
8%
2004 Around the World in 80 Days
8%
2020** Artemis Fowl
8%
2008 Bedtime Stories
8%
2020** Black is King
8%
2024 Blink
8%
2017 Born in China
8%
2012 Chimpanzee
8%
2016 Dangal
8%
2010 Do Dooni Chaar
8%
2020** Dolphin Reef
8%
2021** Flora & Ulysses
8%
2003* George of the Jungle 2
8%
2003 Ghosts of the Abyss
8%
2006 Glory Road
8%
2008 Hannah Montana and Miley Cyrus: Best of Both Worlds Concert
8%
2023 Indiana Jones and the Dial of Destiny
8%
2003* Inspector Gadget 2
8%
2006 Invincible
8%
2009 Lilly the Witch: The Dragon and the Magic Book
8%
2011 Lilly the Witch: The Journey to Mandolan
8%
2001 Max Keeble’s Big Movie
8%
2015 McFarland, USA
8%
2004* Mickey, Donald, Goofy: The Three Musketeers
8%
2002* Mickey's House of Villains
8%
2001* Mickey's Magical Christmas: Snowed in at the House of Mouse
8%
2014 Million Dollar Arm
8%
2010 Oceans
8%
2011 Prom
8%
2003* Recess: All Growed Down
8%
2001* Recess Christmas: Miracle on Third Street
8%
2003* Recess: Taking the Fifth Grade
8%
2022** Rise
8%
2008 Roadside Romeo
8%
2020** Safety
8%
2010 Tales from Earthsea
8%
2009 The Book of Masters
8%
2009 The Boys: The Sherman Brothers' Story
8%
2006 The Nightmare Before Christmas 3D
8%
2018 The Nutcracker and the Four Realms
8%
2020** The One and Only Ivan
8%
2005 The Pacifier
8%
2002 The Rookie
8%
2007 The Secret of the Magic Gourd
8%
2012 The Secret World of Arrietty
8%
2003 The Young Black Stallion
8%
2009* Tigger & Pooh and a Musical Too
8%
2009 Trail of the Panda
8%
2002 Tuck Everlasting
8%
2010 Waking Sleeping Beauty
8%
2009 Walt & El Grupo
8%
2013 Wings of Life
8%
2002* Winnie the Pooh: A Very Merry Pooh Year
8%
2023** World’s Best
8%
2005 Aliens of the Deep
0%
2011 Anaganaga O Dheerudu
0%
2012 Arjun: The Warrior Princess
0%
2007 Bridge to Terebithia
0%
2007* Disney Princess Enchanted Tales: Follow Your Dreams
0%
2017 Expedition China
0%
2017 Ghost of the Mountains
0%
2016 Growing Up Wild
0%
2017 Jagga Jasoos
0%
2009 Jonas Brothers: The 3D Concert Experience
0%
2014 Khoobsurat
0%
2017 L'Empereur - March of the Penguins 2: The Next Step
0%
2004 Miracle
0%
2008 Morning Light
0%
2005* Once Upon a Halloween
0%
2009 Race to Witch Mountain
0%
2006 Roving Mars
0%
2004 Sacred Planet
0%
2025 Sea Lions of the Galapagos
0%
2007* Super Sleuth Christmas Movie
0%
2004 Teacher’s Pet
0%
2024** The Beach Boys
0%
2022 The Beatles: Get Back – The Rooftop Concert
0%
2010 The Crimson Wing: Mystery of the Flamingos
0%
2005 The Greatest Game Ever Played
0%
2017 The Last Warrior
0%
2021 The Last Warrior: A Messenger of Darkness
0%
2021 The Last Warrior: Root of Evil
0%
2007 The Pixar Story
0%
2016 Tini: The Movie
0%
2011 Zokkomon
0%
No matching quizzes found
Score Distribution
Percent of People with Each Score
Percentile by Number Answered
Your Score History
You have not taken this quiz since the last reset